| 000 | 00649nam a2200217 a 4500 | ||
|---|---|---|---|
| 001 | 000013943 | ||
| 005 | 20260521134322.0 | ||
| 008 | 091202s1986 dr 000 e spa d | ||
| 040 |
_aDO-SdBNP _bspa _cBNPHU |
||
| 082 |
_aA864.44 _bC758h |
||
| 100 | 1 |
_aConstanzó, Carlos Marcelo _931599 |
|
| 245 | 1 | 3 |
_aLa historia de un tiempo / _cCarlos Marcelo Constazó; Cándido Gerón. |
| 260 |
_aSanto Domingo : _bBiblioteca Nacional, _c1986. |
||
| 300 |
_a168 p. ; _c21 cm. |
||
| 490 | 1 | _aOrfeo | |
| 650 | 0 |
_aEnsayos _98059 |
|
| 650 | 4 |
_aLiteratura argentina _93860 |
|
| 700 | 1 |
_aGerón, Candido, _d1948- _93577 |
|
| 830 | 0 |
_aOrfeo _918812 |
|
| 049 | _aBNPD | ||
| 999 |
_c13548 _d13548 |
||